Agricultural Landlord and Tenant Code of Practice for England (Record no. 121934)

MARC details
000 -LEADER
fixed length control field 01779nam a22002297a 4500
008 - FIXED-LENGTH DATA ELEMENTS--GENERAL INFORMATION
fixed length control field 240520t2024 xxk|||||o|||| 00| 0 eng d
041 ## - LANGUAGE CODE
Language code of text/sound track or separate title eng
110 ## - MAIN ENTRY--CORPORATE NAME
Corporate author Royal Institution of Chartered Surveyors
245 ## - TITLE STATEMENT
Title Agricultural Landlord and Tenant Code of Practice for England
Medium [Electronic resource]
260 ## - PUBLICATION INFORMATION
Place of publication London,
Publisher Royal Institution of Chartered Surveyors,
Date March 2024
500 ## - GENERAL NOTE
General note Industry organisations who have endorsed this Code of Practice:<br/>Agricultural Law Association; <br/>Association of Chief Estates Surveyors; <br/>Central Association of Agricultural Valuers; <br/>Country Land and Business Association; <br/>Institutional Landowners Group; <br/>National Farmers Union; <br/>National Federation of Young Farmers Clubs; <br/>Royal Institution of Chartered Surveyors; <br/>Tenant Farmers Association.
520 ## - ABSTRACT
Abstract The Agricultural Landlord and Tenant Code of Practice for England, has been prepared following Defra’s response (May 2023) to the Rock Review: Working together for a thriving agricultural tenanted sector (2022)<br/>The code is founded on three principles of: clarity, communication and collaboration. The code uses the word should to describe minimum standards expected of landlords and tenants, and their professional advisers, unless good reasons suggest otherwise. This is a voluntary code of practice.
650 ## - KEYWORDS
Keywords AGRICULTURE
650 ## - KEYWORDS
Keywords FARMING
650 ## - KEYWORDS
Keywords RURAL TENANCIES
650 ## - KEYWORDS
Keywords LANDLORD AND TENANT
651 ## - SUBJECT ADDED ENTRY--GEOGRAPHIC NAME
Geographic name England
710 ## - ADDED CORPORATE NAME
Added corporate author Royal Institution of Chartered Surveyors
710 ## - ADDED CORPORATE NAME
Added corporate author Farm Tenancy Forum
856 ## - ONLINE RESOURCE
Uniform Resource Identifier <a href="https://www.rics.org/profession-standards/rics-standards-and-guidance/sector-standards/land-standards/agricultural-landlord-and-tenant-code-of-practice-for-england">https://www.rics.org/profession-standards/rics-standards-and-guidance/sector-standards/land-standards/agricultural-landlord-and-tenant-code-of-practice-for-england</a>
Public note Available free on RICS.org
942 ## - ADDED ENTRY ELEMENTS (KOHA)
Suppress in OPAC Do not suppress in OPAC
Holdings
Lost status Source of classification or shelving scheme Damaged status Not for loan Current library Shelving location Date acquired Total Checkouts Full call number Date last seen Price effective from Koha item type
  Dewey Decimal Classification     Virtual Online 20/05/2024   ONLINE PUBLICATION 20/05/2024 20/05/2024 Online material